[Event "Hradec Kralove Region-chT 2223"]
[Site "Czech Republic"]
[Date "2023.01.29"]
[Round "7.2"]
[White "Rokos, Filip"]
[Black "Ptacek, Tomas"]
[Result "1/2-1/2"]
[WhiteElo "2054"]
[BlackElo "2070"]
[PlyCount "178"]
[EventDate "2022.10.09"]
[EventType "team-tourn"]
[EventRounds "11"]
[EventCountry "CZE"]
[SourceTitle "EXT 2024"]
[Source "ChessBase"]
[SourceDate "2023.10.10"]
[SourceVersion "1"]
[SourceVersionDate "2023.10.10"]
[SourceQuality "1"]

1. e4 e6 2. d4 d5 3. Nd2 Nf6 4. e5 Nfd7 5. Bd3 c5 6. c3 Nc6 7. Ne2 cxd4 8. cxd4 f6 9. exf6 Nxf6 10. Nf3 Bd6 11. 0-0 Qc7 12. Bg5 0-0 13. Rc1 Nh5 14. Ng3 Nf4 15. Bb1 Qf7 16. Rc3 e5 17. dxe5 Nxe5 18. Bxf4 Nxf3+ 19. Rxf3 Bxf4 20. Ne2 Bg4 21. Qc2 g5 22. Rb3 Be5 23. Qd2 h6 24. Ng3 Rae8 25. f3 Bc8 26. Rb5 Rd8 27. Rd1 Rfe8 28. Qd3 a6 29. Rb6 Rd6 30. Rxd6 Bxd6 31. Bc2 Bc5+ 32. Kh1 Re3 33. Qd2 g4 34. fxg4 Bxg4 35. Rf1 Qe6 36. Bb3 Re5 37. Ne4 Be7 38. Nc3 Bg5 39. Qf2 Rf5 40. Qxf5 Qxf5 41. Rxf5 Bxf5 42. Bxd5+ Kg7 43. Bxb7 a5 44. Be4 Bd7 45. Kg1 Bc1 46. b3 Kf6 47. Ne2 Be3+ 48. Kh1 Ke5 49. Bg6 Bg4 50. Ng3 Kd4 51. h3 Be6 52. Bf5 Bd5 53. Ne2+ Kc5 54. Nc3 Bd4 55. Nxd5 Kxd5 56. g4 Ke5 57. Kg2 Kf4 58. Bd7 Be5 59. Bc8 Bd4 60. Ba6 Bc5 61. Bd3 Bd4 62. Bc2 Bc5 63. Bd1 Bd4 64. Be2 Bc5 65. h4 Be7 66. h5 Bc5 67. Kf1 Bb4 68. Kf2 Ke4 69. Bc4 Kd4 70. g5 hxg5 71. h6 Ke4 72. Kg3 Kf5 73. Bd3+ Kf6 74. Kg4 Bd2 75. Kh5 Be3 76. Be4 Bd2 77. Kg4 Kf7 78. Bh7 Kf6 79. a3 Kf7 80. Kh5 g4 81. Bg6+ Kg8 82. h7+ Kh8 83. Kxg4 Be1 84. Kf3 Bd2 85. Ke4 Be1 86. Kd4 Bd2 87. Kc4 Be1 88. b4 Bxb4 89. axb4 axb4 1/2-1/2

[Event "CZE-chT2D 1617"]
[Site "Czech Republic"]
[Date "2017.02.26"]
[Round "9.3"]
[White "Kastner, Oldrich"]
[Black "Ptacek, Tomas"]
[Result "1/2-1/2"]
[WhiteElo "2065"]
[BlackElo "2114"]
[PlyCount "51"]
[EventDate "2016.10.09"]
[EventType "team-tourn"]
[EventRounds "11"]
[EventCountry "CZE"]
[SourceTitle "EXT 2022"]
[Source "ChessBase"]
[SourceDate "2021.10.06"]
[SourceVersion "1"]
[SourceVersionDate "2021.10.06"]
[SourceQuality "1"]
[WhiteTeam "Policka Stefanydes"]
[BlackTeam "Hradec Kralove II"]
[WhiteTeamCountry "CZE"]
[BlackTeamCountry "CZE"]

1. d4 Nf6 2. c4 c5 3. Nf3 cxd4 4. Nxd4 Nc6 5. Nc3 g6 6. e4 Bg7 7. Be3 d6 8. Be2 0-0 9. 0-0 Qa5 10. a3 Nd7 11. b4 Qd8 12. Qd2 a5 13. Rab1 axb4 14. axb4 Nde5 15. h3 Nxd4 16. Bxd4 Be6 17. Nd5 f5 18. exf5 Bxf5 19. Ra1 Rxa1 20. Rxa1 e6 21. Ne3 Qg5 22. Nf1 Nf3+ 23. Bxf3 Qxd2 24. Nxd2 Bxd4 25. Ra3 b6 26. g4 1/2-1/2

[Event "CZE-chT2D 1617"]
[Site "Czech Republic"]
[Date "2016.11.13"]
[Round "3.3"]
[White "Ptacek, Tomas"]
[Black "Bujnoch, Radek"]
[Result "1/2-1/2"]
[WhiteElo "2114"]
[BlackElo "2271"]
[PlyCount "51"]
[EventDate "2016.10.09"]
[EventType "team-tourn"]
[EventRounds "11"]
[EventCountry "CZE"]
[SourceTitle "EXT 2022"]
[Source "ChessBase"]
[SourceDate "2021.10.06"]
[SourceVersion "1"]
[SourceVersionDate "2021.10.06"]
[SourceQuality "1"]
[WhiteTeam "Hradec Kralove II"]
[BlackTeam "Polabiny II"]
[WhiteTeamCountry "CZE"]
[BlackTeamCountry "CZE"]

1. e4 c5 2. Nf3 Nc6 3. d4 cxd4 4. Nxd4 Nf6 5. Nc3 e5 6. Ndb5 d6 7. Bg5 a6 8. Na3 b5 9. Nd5 Be7 10. Bxf6 Bxf6 11. c3 Bg5 12. Nc2 Ne7 13. a4 bxa4 14. Nxe7 Qxe7 15. Nb4 0-0 16. Rxa4 Qb7 17. Qd5 a5 18. Bd3 Bd8 19. 0-0 Rb8 20. Nc6 Bd7 21. Nxb8 Qxd5 22. exd5 Bxa4 23. Ra1 Bb3 24. Nc6 Bxd5 25. Nxd8 Rxd8 26. Rxa5 1/2-1/2

[Event "CZE-chT1W 1516"]
[Site "Czech Republic"]
[Date "2015.11.29"]
[Round "4.8"]
[White "Boukal, Petr"]
[Black "Ptacek, Tomas"]
[Result "1-0"]
[WhiteElo "2158"]
[BlackElo "2122"]
[PlyCount "59"]
[EventDate "2015.10.11"]
[EventType "team-tourn"]
[EventRounds "11"]
[EventCountry "CZE"]
[SourceTitle "EXT 2017"]
[Source "ChessBase"]
[SourceDate "2016.10.25"]
[SourceVersion "1"]
[SourceVersionDate "2016.10.25"]
[SourceQuality "1"]
[WhiteTeam "Praha Vysehrad"]
[BlackTeam "Hradec Kralove"]
[WhiteTeamCountry "CZE"]
[BlackTeamCountry "CZE"]

1. e4 c5 2. Nf3 Nc6 3. Bb5 e6 4. Bxc6 bxc6 5. d3 d6 6. 0-0 e5 7. b3 g6 8. Bb2 Bg7 9. Nbd2 Ne7 10. Ne1 Be6 11. f4 f6 12. fxe5 fxe5 13. Nc4 Qd7 14. Qd2 h5 15. Qe2 Ng8 16. Nf3 Qe7 17. c3 Nh6 18. d4 Nf7 19. dxc5 dxc5 20. Ba3 0-0 21. Qe3 Bh6 22. Qxc5 Qxc5+ 23. Bxc5 Bxc4 24. bxc4 Rfd8 25. Rfd1 a6 26. Kf2 Bf8 27. Bxf8 Kxf8 28. c5 Rab8 29. Rxd8+ Nxd8 30. Nxe5 1-0

[Event "CZE-chT1W 1516"]
[Site "Czech Republic"]
[Date "2015.10.11"]
[Round "1.7"]
[White "Postupa, Pavel1111"]
[Black "Ptacek, Tomas"]
[Result "1-0"]
[WhiteElo "2226"]
[BlackElo "2122"]
[PlyCount "87"]
[EventDate "2015.10.11"]
[EventType "team-tourn"]
[EventRounds "11"]
[EventCountry "CZE"]
[SourceTitle "CBM 169 Extra"]
[Source "ChessBase"]
[SourceDate "2015.12.18"]
[SourceVersion "1"]
[SourceVersionDate "2015.12.18"]
[SourceQuality "1"]
[WhiteTeam "Praha Grop"]
[BlackTeam "Hradec Kralove"]
[WhiteTeamCountry "CZE"]
[BlackTeamCountry "CZE"]

1. e4 c5 2. Nf3 Nc6 3. Bb5 Qb6 4. a4 e6 5. 0-0 Nge7 6. Re1 g6 7. c3 Bg7 8. d3 0-0 9. Nbd2 d5 10. Nf1 Qc7 11. Bxc6 Nxc6 12. Be3 b6 13. exd5 exd5 14. Qd2 Bg4 15. Bf4 Qd7 16. Ne5 Nxe5 17. Bxe5 f6 18. Bf4 g5 19. Bg3 d4 20. c4 Rfe8 21. a5 Bf8 22. h4 h6 23. hxg5 hxg5 24. f4 Bh6 25. fxg5 Bxg5 26. Bf4 Qf5 27. Bxg5 fxg5 28. Ng3 Qf4 29. Qxf4 gxf4 30. Ne4 Kg7 31. Rf1 Be2 32. Rxf4 Bxd3 33. Rg4+ Kf8 34. Nf6 Red8 35. axb6 Bxc4 36. bxa7 Be6 37. Nh7+ Ke7 38. Re1 d3 39. Rg7+ Kd6 40. Nf6 c4 41. Ne4+ Ke5 42. Re7 Re8 43. Nd2+ Kd6 44. R1xe6+ 1-0

[Event "CZE-chT2D 1415"]
[Site "Czech Republic"]
[Date "2015.02.08"]
[Round "7.6"]
[White "Ptacek, Tomas"]
[Black "Sykora, Josef"]
[Result "1-0"]
[WhiteElo "1999"]
[BlackElo "2117"]
[PlyCount "67"]
[EventDate "2014.11.02"]
[EventType "team-tourn"]
[EventRounds "11"]
[EventCountry "CZE"]
[SourceTitle "EXT 2022"]
[Source "ChessBase"]
[SourceDate "2021.10.06"]
[SourceVersion "1"]
[SourceVersionDate "2021.10.06"]
[SourceQuality "1"]
[WhiteTeam "Hradec Kralove II"]
[BlackTeam "Pardubice AKIS"]
[WhiteTeamCountry "CZE"]
[BlackTeamCountry "CZE"]

1. e4 c6 2. Nc3 d5 3. Nf3 dxe4 4. Nxe4 Nd7 5. d4 Ngf6 6. Ng3 e6 7. Bd3 Bd6 8. 0-0 0-0 9. Re1 Qc7 10. Ne4 Bf4 11. Ne5 Bxe5 12. dxe5 Qxe5 13. Re3 Qh5 14. Qe1 Nxe4 15. Rxe4 Nc5 16. Be2 Qd5 17. Rh4 e5 18. Be3 Ne6 19. Rd1 Qxa2 20. Qc3 Nd4 21. Bc4 Be6 22. Qd3 Bf5 23. Bxa2 Bxd3 24. cxd3 Nb5 25. Bc4 Nd6 26. Bc5 Rfd8 27. Re1 b5 28. Ba2 Nb7 29. Be7 Rd7 30. Rxe5 Rxd3 31. g3 Rd2 32. Ba3 a5 33. Re7 Nd8 34. Re8# 1-0

[Event "CZE-chT1W 1415"]
[Site "Czech Republic"]
[Date "2015.02.01"]
[Round "7.8"]
[White "Vacek, Miroslav"]
[Black "Ptacek, Tomas"]
[Result "0-1"]
[WhiteElo "2045"]
[BlackElo "1999"]
[PlyCount "68"]
[EventDate "2014.10.19"]
[EventType "team-tourn"]
[EventRounds "11"]
[EventCountry "CZE"]
[SourceTitle "EXT 2016"]
[Source "ChessBase"]
[SourceDate "2015.10.08"]
[SourceVersion "1"]
[SourceVersionDate "2015.10.08"]
[SourceQuality "1"]
[WhiteTeam "Ceske Budejovice"]
[BlackTeam "Hradec Kralove"]
[WhiteTeamCountry "CZE"]
[BlackTeamCountry "CZE"]

1. e4 c5 2. Nf3 Nc6 3. Bb5 Qb6 4. Nc3 e6 5. 0-0 Nge7 6. b3 a6 7. Bxc6 Nxc6 8. Bb2 Be7 9. Na4 Qc7 10. Bxg7 Rg8 11. Bb2 b5 12. Nc3 Qf4 13. d3 Bb7 14. Qe2 Bd6 15. g3 0-0-0 16. Qe3 Qg4 17. Ne2 f5 18. e5 Bc7 19. Ne1 f4 20. Nxf4 Qf5 21. Neg2 Bxe5 22. Bxe5 Nxe5 23. Qxc5+ Kb8 24. Kh1 Qxf4 25. Qd6+ Ka7 26. f3 Qf5 27. Nh4 Qh5 28. Qc5+ Ka8 29. d4 d6 30. Qc3 Ng4 31. Qd3 Qg5 32. a4 Nxh2 33. Rg1 Ng4 34. axb5 Nf2+ 0-1

[Event "CZE-ch U20 sf"]
[Site "Frydek Mistek"]
[Date "2014.11.22"]
[Round "9"]
[White "Ptacek, Tomas"]
[Black "Havelka, Ondrej"]
[Result "1-0"]
[WhiteElo "1999"]
[BlackElo "1816"]
[PlyCount "73"]
[EventDate "2014.11.16"]
[EventType "swiss"]
[EventRounds "9"]
[EventCountry "CZE"]
[SourceTitle "CBM 163 Extra"]
[Source "ChessBase"]
[SourceDate "2014.12.23"]
[SourceVersion "1"]
[SourceVersionDate "2014.12.23"]
[SourceQuality "1"]

1. e4 e6 2. d4 d5 3. Nd2 dxe4 4. Nxe4 Bd7 5. Nf3 Bc6 6. Bd3 Nd7 7. 0-0 Ngf6 8. Qe2 Bxe4 9. Bxe4 Nxe4 10. Qxe4 c6 11. b3 Be7 12. Bb2 0-0 13. Rad1 Re8 14. c4 Qb6 15. Rd3 Qa6 16. Qe2 b5 17. Re3 Bf6 18. Ne5 Nb6 19. Rh3 bxc4 20. Qh5 Bxe5 21. Qxh7+ Kf8 22. dxe5 Qxa2 23. Bc1 Ke7 24. Rd1 Nd5 25. Qxg7 Rf8 26. bxc4 Qc2 27. Rhd3 Qxc4 28. Ba3+ c5 29. Rxd5 exd5 30. Qf6+ Ke8 31. Qc6+ Kd8 32. Rxd5+ Qxd5 33. Qxd5+ Kc7 34. Qxc5+ Kd7 35. Qd6+ Kc8 36. Qc6+ Kd8 37. Qxa8+ 1-0

[Event "CZE-ch U20 sf"]
[Site "Frydek Mistek"]
[Date "2014.11.20"]
[Round "7"]
[White "Kopriva, Martin"]
[Black "Ptacek, Tomas"]
[Result "0-1"]
[WhiteElo "1889"]
[BlackElo "1999"]
[PlyCount "58"]
[EventDate "2014.11.16"]
[EventType "swiss"]
[EventRounds "9"]
[EventCountry "CZE"]
[SourceTitle "CBM 163 Extra"]
[Source "ChessBase"]
[SourceDate "2014.12.23"]
[SourceVersion "1"]
[SourceVersionDate "2014.12.23"]
[SourceQuality "1"]

1. e4 c5 2. Nf3 Nc6 3. d4 cxd4 4. Nxd4 Nf6 5. Nc3 e5 6. Ndb5 d6 7. Bg5 a6 8. Na3 b5 9. Bxf6 gxf6 10. Nd5 f5 11. Bd3 Be6 12. 0-0 Bg7 13. c4 fxe4 14. Bxe4 0-0 15. cxb5 Nd4 16. Nc3 d5 17. Bf3 f5 18. bxa6 e4 19. Be2 f4 20. Bg4 Bxg4 21. Qxg4 Rxa6 22. Kh1 Rg6 23. Qh3 Rh6 24. Qg4 Rh4 25. Qd1 Rxh2+ 26. Kxh2 Qh4+ 27. Kg1 f3 28. Nc2 Rf5 29. g3 Qh3 0-1

[Event "CZE-ch U20 sf"]
[Site "Frydek Mistek"]
[Date "2014.11.18"]
[Round "4"]
[White "Ptacek, Tomas"]
[Black "Bobek, Daniel"]
[Result "1-0"]
[WhiteElo "1999"]
[BlackElo "1766"]
[PlyCount "141"]
[EventDate "2014.11.16"]
[EventType "swiss"]
[EventRounds "9"]
[EventCountry "CZE"]
[SourceTitle "CBM 163 Extra"]
[Source "ChessBase"]
[SourceDate "2014.12.23"]
[SourceVersion "1"]
[SourceVersionDate "2014.12.23"]
[SourceQuality "1"]

1. e4 c5 2. Nf3 d6 3. d4 cxd4 4. Nxd4 Nf6 5. Nc3 a6 6. Be3 e5 7. Nb3 Be6 8. Qd2 Be7 9. f3 Nbd7 10. 0-0-0 0-0 11. g4 Nc5 12. h4 b5 13. g5 Nh5 14. Nd5 Bxd5 15. Qxd5 Ne6 16. Rh2 Nef4 17. Qb7 Ne6 18. Bh3 Nhf4 19. Bf5 Re8 20. Kb1 Qc8 21. Na5 Rb8 22. Qc6 Bf8 23. Rhd2 Qxc6 24. Nxc6 Rbc8 25. Nb4 Ra8 26. Nd5 Nxd5 27. Rxd5 Reb8 28. Bh3 Rb7 29. Bf1 Rc8 30. R1d2 Rc6 31. Be2 Rc8 32. Bd1 Rc6 33. c3 Rc8 34. Bc2 Nc7 35. R5d3 Ne6 36. Rd1 Nc5 37. Rd5 Ne6 38. Bb3 Nc7 39. R5d2 Rcb8 40. Bd5 Nxd5 41. Rxd5 f6 42. gxf6 gxf6 43. Rg1+ Rg7 44. Rxg7+ Kxg7 45. h5 f5 46. Bg5 fxe4 47. fxe4 Rb7 48. Kc2 Rf7 49. Kb3 Rf2 50. Rd2 Rf1 51. Rg2 Rh1 52. Be7+ Kf7 53. Bxf8 Kxf8 54. Kb4 Rxh5 55. Ka5 Rh1 56. Kxa6 h5 57. Kxb5 h4 58. a4 h3 59. Re2 h2 60. a5 Ke7 61. Kb6 Kf6 62. a6 Kg5 63. a7 Ra1 64. Rxh2 Kf4 65. Rh4+ Kg3 66. Rh6 Kf4 67. Rxd6 Kxe4 68. Rd8 Kf3 69. a8Q+ Rxa8 70. Rxa8 e4 71. Re8 1-0

[Event "CZE-ch U20 sf"]
[Site "Frydek Mistek"]
[Date "2014.11.17"]
[Round "2"]
[White "Ptacek, Tomas"]
[Black "Horvath, Tomas"]
[Result "1-0"]
[WhiteElo "1999"]
[BlackElo "1701"]
[PlyCount "97"]
[EventDate "2014.11.16"]
[EventType "swiss"]
[EventRounds "9"]
[EventCountry "CZE"]
[SourceTitle "CBM 163 Extra"]
[Source "ChessBase"]
[SourceDate "2014.12.23"]
[SourceVersion "1"]
[SourceVersionDate "2014.12.23"]
[SourceQuality "1"]

1. e4 e6 2. d4 d5 3. Nd2 dxe4 4. Nxe4 Nf6 5. Bg5 Be7 6. Bxf6 Bxf6 7. Nf3 b6 8. Bb5+ c6 9. Bd3 0-0 10. c3 Ba6 11. Bxa6 Nxa6 12. Qa4 Nb8 13. 0-0 Be7 14. Rad1 Qd5 15. Rfe1 a5 16. c4 Qd7 17. Ne5 Qb7 18. f4 b5 19. Qb3 Nd7 20. a4 Rab8 21. axb5 cxb5 22. c5 Nxe5 23. fxe5 b4 24. Ra1 Ra8 25. Ra4 Rfb8 26. Qc4 Qc6 27. b3 Ra6 28. Qd3 Rd8 29. Nd6 Rda8 30. Qe4 Qxe4 31. Rxe4 f6 32. Nc4 Kf7 33. Kf2 f5 34. Re1 Bd8 35. Ke3 Ke7 36. Kd3 Kd7 37. Nd6 Kc6 38. Kc4 R8a7 39. Rd1 g5 40. d5+ exd5+ 41. Rxd5 f4 42. Nf5 Rd7 43. Rd6+ Rxd6 44. cxd6 Ra7 45. Nd4+ Kd7 46. e6+ Ke8 47. Nc6 Ra6 48. d7+ Kf8 49. Nxd8 1-0

[Event "Prague Summer op 1st"]
[Site "Prague"]
[Date "2014.08.14"]
[Round "7"]
[White "Woellermann, Jan"]
[Black "Ptacek, Tomas"]
[Result "1-0"]
[WhiteElo "2230"]
[BlackElo "2061"]
[PlyCount "74"]
[EventDate "2014.08.09"]
[EventType "swiss"]
[EventRounds "9"]
[EventCountry "CZE"]
[SourceTitle "CBM 162 Extra"]
[Source "ChessBase"]
[SourceDate "2014.10.17"]
[SourceVersion "1"]
[SourceVersionDate "2014.10.17"]
[SourceQuality "1"]

1. d4 Nf6 2. c4 g6 3. Nc3 Bg7 4. g3 0-0 5. Bg2 d6 6. Nf3 Nc6 7. 0-0 a6 8. Qd3 Re8 9. d5 Nb4 10. Qd1 a5 11. h3 Bd7 12. Nd4 Qc8 13. Kh2 e5 14. dxe6 fxe6 15. Bg5 Rf8 16. Rb1 Na6 17. Qd2 Rf7 18. b3 Nc5 19. e4 Qf8 20. Be3 e5 21. Ndb5 Ne6 22. Rfd1 Rd8 23. Kg1 Bc8 24. Ne2 b6 25. Nbc3 c5 26. Na4 Bb7 27. Qc2 Bh6 28. Nxb6 Bxe3 29. fxe3 Qh6 30. Qd3 Ng5 31. h4 Bxe4 32. hxg5 Bxd3 33. gxh6 Bxe2 34. Rd2 Bh5 35. Rf1 g5 36. Rf5 g4 37. Nd5 Rdf8 1-0

[Event "Prague Summer op 1st"]
[Site "Prague"]
[Date "2014.08.09"]
[Round "1"]
[White "Ptacek, Tomas"]
[Black "Harazinska, Magdalena"]
[Result "0-1"]
[WhiteElo "2061"]
[BlackElo "1664"]
[PlyCount "52"]
[EventDate "2014.08.09"]
[EventType "swiss"]
[EventRounds "9"]
[EventCountry "CZE"]
[SourceTitle "CBM 162 Extra"]
[Source "ChessBase"]
[SourceDate "2014.10.17"]
[SourceVersion "1"]
[SourceVersionDate "2014.10.17"]
[SourceQuality "1"]

1. e4 c5 2. Nf3 e6 3. d4 cxd4 4. Nxd4 a6 5. Nc3 Qc7 6. Be3 Bb4 7. Bd2 Nf6 8. Bd3 0-0 9. 0-0 Be7 10. Kh1 b5 11. a3 Bb7 12. f4 d6 13. Qf3 Nbd7 14. Qh3 Rfd8 15. Rae1 Rac8 16. e5 dxe5 17. fxe5 Nxe5 18. Nxe6 fxe6 19. Qxe6+ Kh8 20. Rxe5 Bd6 21. Rg5 Bxh2 22. Rxf6 Rd6 23. Qf5 gxf6 24. Rh5 Rxd3 25. cxd3 Be5 26. Ne4 Qc1+ 0-1

[Event "CZE-chT1W 1314"]
[Site "Czech Republic"]
[Date "2013.12.08"]
[Round "4.5"]
[White "Kucera, Petr"]
[Black "Ptacek, Tomas"]
[Result "1-0"]
[WhiteElo "2337"]
[BlackElo "2060"]
[PlyCount "75"]
[EventDate "2013.10.20"]
[EventType "team-tourn"]
[EventRounds "11"]
[EventCountry "CZE"]
[SourceTitle "CBM 157 Extra"]
[Source "ChessBase"]
[SourceDate "2013.12.19"]
[SourceVersion "1"]
[SourceVersionDate "2013.12.19"]
[SourceQuality "1"]
[WhiteTeam "Novoborsky II"]
[BlackTeam "Hradec Kralove"]
[WhiteTeamCountry "CZE"]
[BlackTeamCountry "CZE"]

1. d4 d5 2. c4 e6 3. Nc3 Nf6 4. cxd5 exd5 5. Bg5 Be7 6. Qc2 0-0 7. e3 h6 8. Bh4 c5 9. dxc5 Nc6 10. Nf3 d4 11. Rd1 Bxc5 12. Be2 Qb6 13. exd4 Nxd4 14. Nxd4 Bxd4 15. 0-0 Qc5 16. Qd2 Rd8 17. Nb5 Bg4 18. Nxd4 Bxe2 19. Qxe2 Rxd4 20. Bxf6 gxf6 21. Rxd4 Qxd4 22. Rd1 Qe5 23. Qxe5 fxe5 24. Rd7 b6 25. g4 Kg7 26. Kg2 Kf6 27. Rc7 Rg8 28. Kf3 Rd8 29. Rxa7 Rd3+ 30. Ke2 Rd6 31. h4 Kg6 32. Ke3 f5 33. h5+ Kg5 34. Rg7+ Kh4 35. gxf5 Kxh5 36. Ke4 Rd2 37. Rg2 Rxb2 38. f6 1-0